Eurovision 2022 Placement - Statistics

General Stats
  • This quiz has been taken 180 times
  • The average score is 31 of 40
Answer Stats
Hint Answer % Correct
1 Ukraine
99%
2 United Kingdom
98%
3 Spain
97%
4 Sweden
92%
6 Italy
88%
5 Serbia
88%
7 Moldova
84%
8 Greece
83%
11 Netherlands
82%
10 Norway
82%
9 Portugal
82%
25 Germany
81%
24 France
80%
12 Poland
79%
15 Australia
77%
16 Azerbaijan
77%
19 Belgium
77%
13 Estonia
77%
21 Finland
77%
18 Romania
77%
20 Armenia
75%
23 Iceland
75%
14 Lithuania
75%
26 Croatia
74%
22 Czech Republic
74%
17 Switzerland
73%
27 North Macedonia
72%
28 Albania
70%
39 Georgia
70%
40 Slovenia
70%
38 Bulgaria
69%
29 Cyprus
67%
31 Denmark
67%
34 Ireland
67%
37 Montenegro
67%
36 Austria
66%
32 Latvia
66%
33 San Marino
66%
30 Israel
65%
35 Malta
63%
No matching quizzes found
Score Distribution
Percent of People with Each Score
Percentile by Number Answered
Your Score History
You have not taken this quiz